MDQL
is popping MORE tags! Check the
thread
!
Quizzes
Events
Quiz Creation
Community
Videos
Private Events
Remove Ads
Sign In
Join for FREE
Feedback
Dark Mode
Quiz Categories
Sports
Geography
Music
Movies
Television
Just For Fun
Miscellaneous
History
Literature
Language
Science
Gaming
Entertainment
Religion
Holiday
For Kids
Quiz Lab
Recent
Popular Today
Quiz Kudos Today
Editor Picks
Curator Picks
Quizzes by...
Day
Popularity
Type
Ratings
Length
Year
Community
Subscriptions
Recent Discussions
Orange Saloon
Badges
Playlists
Quests
Create
Leaderboards
Showdown
Live 5
Trivia Bingo
Activity
Puzzle Library
Sporcle Events
Private Events
Virtual Trivia
Globe League
Become a Host
Pub Owners
SporcleCon
Opinionation
Our Games
Videos
Blog
Mobile Apps
Partnerships
Remove Ads and Go Orange
Feedback
Sports
Athletes
MLB
NBA
NHL
NFL
Soccer
Sports Teams
WWE
NCAA
Football
Premier League
Basketball
Baseball
Hockey
Golf
Tennis
Cricket
Rugby
Auto Racing
Olympics
World Cup
Sports
Athletes
MLB
NBA
NHL
NFL
Soccer
Sports Teams
WWE
NCAA
Football
Premier League
Basketball
Baseball
Hockey
Golf
Tennis
Cricket
Rugby
Auto Racing
Olympics
World Cup
Random Quiz
Search Sporcle
×
Quiz Lab
Quiz Lab
Sports
Baseball
Type in answers that appear in a list
Type in answers that appear in a list
Classic
Best Score? Go Orange.
Career Home Runs Per Strikeout Leaders Stats
Can you name the MLB hitters with the highest career home run per strikeout ratio (1913-present)?
By
DJC_83
5m
27 Questions
331 Plays
331 Plays
331 Plays
Comments
Comments
Give Quiz Kudos
Give Quiz Kudos
-
- Ratings
hide this ad
More Info
Replay
Link that replays current quiz
Next Quiz
Link to next quiz in quiz playlist
You Got
0%
They Got
Avg Score
29%
Avg Friend Score
Upgrade to see
Score Distribution
Jump to the score distribution portion of the page
Score
0/27
Timer
05:00
0
Plays Today
HR/SO
Player
% Correct
0.537
Babe Ruth
82.8%
0.735
Ted Williams
78.2%
0.978
Joe DiMaggio
77.3%
0.683
Ken Williams
72.2%
0.546
Hank Aaron
72.2%
0.624
Lou Gehrig
70.4%
0.642
Albert Pujols
54.7%
0.682
Stan Musial
53.8%
0.570
Mel Ott
49.5%
0.865
Yogi Berra
42%
0.685
Johnny Mize
36.3%
0.576
Chuck Klein
19%
0.764
Ted Kluszewski
14.5%
0.500
Don Mattingly
11.8%
HR/SO
Player
% Correct
0.699
Bill Dickey
11.5%
0.548
Mickey Cochrane
9.1%
0.533
Irish Meusel
6.3%
0.567
Sid Gordon
6%
0.518
Hal Trosky
5.4%
0.926
Lefty O'Doul
5.1%
0.721
Tommy Holmes
4.5%
0.725
Ernie Lombardi
3.6%
0.677
Frank McCormick
2.4%
0.510
Vic Power
1.2%
0.661
Zeke Bonura
0.9%
0.594
Willard Marshall
0.9%
0.548
Don Hurst
0.6%
Quiz Playlist
Details
Report
Send in Message
Add To Playlist
More Info:
Data begins in 1913, the first year that strikeouts were counted as an official statistic for batters in both major leagues; min 3000 PA
Classic:
Type in answers that appear in a list
Quiz Source
Last Updated: Feb 16, 2017
Quiz Scoreboard
CHALLENGE
Sign Up to Join the Scoreboard
Show All
Scores
Hide
Comments
May contain spoilers
Recently Published
1-10 Letter E Words III
by El_Dandy
Language
2m
Street Fighter Characters
by Artimus82
Gaming
60s
College Basketball Coaching Resumes
by pancakes188
Sports
9m
More to Explore
Quiz From the Vault
Featured Blog Post
Where Did the Easter Bunny Come From?
hide this ad
You Might Also Like...
Tags
Baseball Quiz
MLB Quiz
Career
highest
Hitter
home
Player
ratio
run
strikeouts
Today's Top Quizzes in Sports
Browse Sports
hide this ad
Today's Top Quizzes in Baseball
Browse Baseball
Top Contributed Quizzes in Sports
1
2022 World Cup Stars
2
Les meilleurs buteurs des matchs entre le PSG et l’OM
3
FIFA Club World Cup Champions
4
Les entraîneurs de l'OM et du PSG au 21e siècle
5
Criteria MLB: Left Handed Sluggers
6
2023 MLB Unique Player Accomplishments
7
AFC Teams Reveal (Wrong Answers Minefield)
8
Players with Multiple 50 Home Run Seasons
9
5-to-1: FBS Animal Nicknames
10
5-to-1: UK Sports Teams
Explore More
Trending Topics
Crossword
Harry Potter
Kpop
Disney
Anime
Marvel
NBA
The Office
Song
Country
WWE
Soccer
Pokémon
Puzzle
NFL
hide this ad
More By:
DJC_83
Quiz
Plays
Rating
Category
Featured
Created
Big 4 Sports Teams Formed Before 1960
248,425
4.60
Sports
May 10, 2010
Big 4 Sports Teams Formed 1960-1970
10,055
3.97
Sports
May 10, 2010
Big 4 Sports Teams Formed After 1970
5,182
4.22
Sports
May 10, 2010
Centrality of States (US)
5,155
3.54
Geography
Mar 21, 2010
Alternate World Series
1,838
4.30
Sports
Mar 18, 2010
Go to Creator's Profile
Score Distribution
Quiz Creator Spotlight
DJC_83
Follow
Send a Message
Quizzes Created
-
Created Quiz Play Count
-
More By This Creator
Popular Quizzes Today
1
Find the US States - No Outlines Minefield
2
Find the Countries of Europe - No Outlines Minefield
3
The Countries of the World
4
Find the US States
5
Risky Map Clicking: Biggest States A-Z
6
US States
7
Popular People in 1961
8
Movies - When Are They Set?
More Sports Quizzes
College Football Wins
Published
Trending Quizzes
Risky Map Clicking: Least Populous States A-Z
Billboard Blitz: Aretha Franklin
1-10 Letter G Words
Countries of the World: 200 Million BC
1-10 Letter F Words
Recently Updated
Leaping Animals
pecheneg
Reality TV Shows (A-Z)
bhenderson79
Rickey Henderson's Hall of Fame Teammates
pecheneg
Champions League XIs: Arsenal
pecheneg
Quick Pick: Celebrities in WWE's Hall of Fame
aduchscher
A-Z Keypad Blitz II
pecheneg
Multiple Oscar Actors
pecheneg
Mystery Phrase Blitz: Oscar 'Best Actors'
pecheneg
F. Scott Fitzgerald Novels
LTH
Pick 3 Villains
ddd62291
Trending Topics
Kpop
Marvel
Disney
NBA
Crossword
Anime
Harry Potter
Country
The Office
Puzzle
Pokémon
Soccer
NFL
WWE
Song
Your Account Isn't Verified!
In order to create a playlist on Sporcle, you need to verify the email address you used during registration. Go to your
Sporcle Settings
to finish the process.
Report this User
Report this user for behavior that violates our
Community Guidelines
.
Details:
Send Report
Go to the Sporcle.com Mobile Site →
Comments